Thực hành tiếng VIệt dùng cho người nước ngoài

Gồm phần thực hành phát âm và phần thực hành giao tiếp với 20 bài là 20 chủ đề khác nhau cùng lượng từ vựng cần thiết, hệ thống bài tập thực hành với 4 kỹ năng: nghe - nói - đọc - viết giúp người học có thể giao tiếp cơ bản với người Việt...

Ausführliche Beschreibung

Gespeichert in:
Bibliographische Detailangaben
1. Verfasser: Nguyễn Việt Hương
Format: Buch
Sprache:Vietnamese
Veröffentlicht: H. Giáo Dục 1996
Schriftenreihe:Trường đại học Khoa học xã hội và nhân văn. Đại học Quốc gia Hà Nội
Schlagworte:
Tags: Tag hinzufügen
Keine Tags, Fügen Sie den ersten Tag hinzu!
Thư viện lưu trữ: Mạng thư viện Đại học Đà Nẵng
LEADER 01206nam a2200301 4500
001 000007783
003 3949
005 20120530100505.0
008 111011s1996 viesd
020 |c 40000đ 
041 0 |a vie 
082 |a 495.9228  |b NG-H 
100 0 |a Nguyễn Việt Hương 
240 |a Practice Vietnamese use for foreigners 
245 0 |a Thực hành tiếng VIệt dùng cho người nước ngoài  |c Nguyễn Việt Hương 
260 |a H.  |b Giáo Dục  |c 1996 
300 |a 299 tr.  |c 27 cm 
490 |a Trường đại học Khoa học xã hội và nhân văn. Đại học Quốc gia Hà Nội 
520 |a Gồm phần thực hành phát âm và phần thực hành giao tiếp với 20 bài là 20 chủ đề khác nhau cùng lượng từ vựng cần thiết, hệ thống bài tập thực hành với 4 kỹ năng: nghe - nói - đọc - viết giúp người học có thể giao tiếp cơ bản với người Việt 
650 |a Tiếng Việt 
OWN |a LSP 
999 |a From the UDN01 
TYP |a Monograph 
TYP |a Printed language 
980 |a Mạng thư viện Đại học Đà Nẵng